<?xml version="1.0" encoding="UTF-8"?>
<record
    xmlns:xsi="http://www.w3.org/2001/XMLSchema-instance"
    xsi:schemaLocation="http://www.loc.gov/MARC21/slim http://www.loc.gov/standards/marcxml/schema/MARC21slim.xsd"
    xmlns="http://www.loc.gov/MARC21/slim">

  <leader>01085nam a22002777a 4500</leader>
  <controlfield tag="001">37574</controlfield>
  <controlfield tag="003">BD-RjUL</controlfield>
  <controlfield tag="005">20211209052626.0</controlfield>
  <controlfield tag="008">150126s1995    ii a|||| |||| 001 0 eng d</controlfield>
  <datafield tag="020" ind1=" " ind2=" ">
    <subfield code="a">8120409841</subfield>
  </datafield>
  <datafield tag="035" ind1=" " ind2=" ">
    <subfield code="a">(BD-RjUL)</subfield>
  </datafield>
  <datafield tag="040" ind1=" " ind2=" ">
    <subfield code="a">BD-RjUL</subfield>
    <subfield code="b">eng</subfield>
    <subfield code="c">BD-RjUL</subfield>
  </datafield>
  <datafield tag="041" ind1=" " ind2=" ">
    <subfield code="a">eng</subfield>
  </datafield>
  <datafield tag="082" ind1=" " ind2=" ">
    <subfield code="a">547.78</subfield>
    <subfield code="b">NEW 1995</subfield>
  </datafield>
  <datafield tag="245" ind1=" " ind2=" ">
    <subfield code="a">New developments in carbohydrates and related natural products /</subfield>
    <subfield code="c">edited by M.J. Mulky, Ashok Pandey</subfield>
  </datafield>
  <datafield tag="260" ind1=" " ind2=" ">
    <subfield code="a">New Delhi, India : </subfield>
    <subfield code="b">Oxford &amp; IBH Pub. Co., </subfield>
    <subfield code="c">c1995. </subfield>
  </datafield>
  <datafield tag="300" ind1=" " ind2=" ">
    <subfield code="a">xv, 285 pages : </subfield>
    <subfield code="b">illustrations ;</subfield>
    <subfield code="c"> 25 cm</subfield>
  </datafield>
  <datafield tag="500" ind1=" " ind2=" ">
    <subfield code="a">Papers presented at a symposium organized by the Hindustan Lever Research Foundation and the Regional Research Laboratory, CSIR, Trivandrum, in March 1994.--Dust jacket.</subfield>
  </datafield>
  <datafield tag="504" ind1=" " ind2=" ">
    <subfield code="a">Includes bibliographical references and index.</subfield>
  </datafield>
  <datafield tag="650" ind1=" " ind2=" ">
    <subfield code="a">Carbohydrates</subfield>
    <subfield code="v">Congresses</subfield>
    <subfield code="9">115392</subfield>
  </datafield>
  <datafield tag="650" ind1=" " ind2=" ">
    <subfield code="a">Natural products</subfield>
    <subfield code="v">Congresses.</subfield>
    <subfield code="9">115393</subfield>
  </datafield>
  <datafield tag="700" ind1=" " ind2=" ">
    <subfield code="a">Mulky, M. J.</subfield>
    <subfield code="9">115394</subfield>
  </datafield>
  <datafield tag="700" ind1=" " ind2=" ">
    <subfield code="a">Pandey, Ashok.</subfield>
    <subfield code="9">115395</subfield>
  </datafield>
  <datafield tag="710" ind1=" " ind2=" ">
    <subfield code="a">Hindustan Lever Research Foundation (India)</subfield>
    <subfield code="9">115396</subfield>
  </datafield>
  <datafield tag="942" ind1=" " ind2=" ">
    <subfield code="2">ddc</subfield>
    <subfield code="c">BK</subfield>
  </datafield>
  <datafield tag="999" ind1=" " ind2=" ">
    <subfield code="c">37574</subfield>
    <subfield code="d">37574</subfield>
  </datafield>
  <datafield tag="952" ind1=" " ind2=" ">
    <subfield code="0">0</subfield>
    <subfield code="1">0</subfield>
    <subfield code="2">ddc</subfield>
    <subfield code="4">0</subfield>
    <subfield code="7">1</subfield>
    <subfield code="a">IBSc</subfield>
    <subfield code="b">IBSc</subfield>
    <subfield code="c">Stack</subfield>
    <subfield code="d">2015-01-26</subfield>
    <subfield code="l">0</subfield>
    <subfield code="o">547.78 NEW 1995</subfield>
    <subfield code="r">2015-01-26 00:00:00</subfield>
    <subfield code="t">C-1</subfield>
    <subfield code="w">2015-01-26</subfield>
    <subfield code="y">BK</subfield>
  </datafield>
</record>
